Регионална библиотека "Любен Каравелов" - Русе

Избрани съчинения (Запис номер 187837)

MARC детайли
000 -Лидер
Контролно поле с фиксирана дължина 01748nam a2200361 c 4500
003 - Код на организацията, давaща контролен номер
Контролно поле BLK
005 - Дата и час на последна редакция
Контролно поле 20240604133919.0
008 - Елементи от данни с фиксирана дължина
fixed length control field 180411b bul|||||r ||||||| ||bul||
010 ## - Наследен системен номер
LC control number KNG00196854000
020 ## - Международен стандартен номер на книга ISBN
Международен стандартен номер на книга ISBN 978-619-7223-27-9
-- издат.: Фастумпринт - на том(т. 1)
040 ## - Източник на каталожния запис
Идентификатор на билиотеката - собственик на записа BLK
041 ## - Код за език
Код за езика на текст/звукозапис или на отделно заглавие Български
Код за езика КДБФ Български
072 #7 - Код за тематичната категория
Код организация bullib
Код за тематична категория Н84
Текст Българска художествена литература Н
080 ## - УДК
Текстов определител УДК Българска литература
УДК код - определител по УДК 821.163.2
УДК определител -32(081.2)
УДК - код + определител 821.163.2-32(081.2)
100 1# - Редна дума - Автор
Автор Банков, Банко Петков
R(LIN) 36319
139 ## - Редно поле
Редна дума Банков, Банко Петков
Авторски знак Бан - Б 25
245 10 - Сведения за заглавието
Заглавие Избрани съчинения
Подзаглавни данни Т. 1 - За том: Ранни разкази, новели и повести във втора редакция
Редно поле (дума) Банко Петков Банков.
Том Т. 1
Заглавие на том Поданици на отписано време
257 ## - Страна на издаване
Страна на създаване/издаване България
260 ## - Област на издателските данни
-- София
Година на издаване 2016 -
300 ## - Физическа характеристика
Размери/Мащаб 21 см
380 ## - Жанр
Жанр Худож. лит.
653 ## - Ключова дума – ненормативна
Ключова дума разкази
653 ## - Ключова дума – ненормативна
Ключова дума новели
653 ## - Ключова дума – ненормативна
Ключова дума повести
659 ## - Тематичен бюлетин
Тематичен бюлетин Н
760 1# - Описание на основната серия
-- - на том(т. 1)
Редна дума на основното описание Банков, Банко Петков
Място на издаване, издател и година Фастумпринт, 2016
Страници - том 239 с.
Забележка - том Кор. загл. Поданици на отписано време. - Колелото на живота / Димитрина Бояджиева: с. 5-7. - Съдържа и за авт. - Библиогр. с. 239.
Заглавие Т. 1 Поданици на отписано време
852 ## - Местоположение
Форматна сигнатура Цб 283305
856 4# - Електронен адрес и достъп
Електронен формат pdf - файл
Път до файла /url/
856 4# - Електронен адрес и достъп
Електронен формат pdf - файл
Път до файла /url/
942 ## - АРТИКУЛИ
Вид на библиотечния материал Книги
Скрит в OPAC Не
944 ## - СЪЗДАВАНЕ И РЕДАКЦИЯ на ЗАПИСА
Създаване/Редакция Създаване
Дата на регистрацията/редакция 25.11.2016
Статус, дата на статуса Геновева Генчева
Служител, извършил регистрацията/редакцията 30560
944 ## - СЪЗДАВАНЕ И РЕДАКЦИЯ на ЗАПИСА
Създаване/Редакция Редакция
Дата на регистрацията/редакция 28.08.2017
Статус, дата на статуса ф /
Служител, извършил регистрацията/редакцията Людмила_Стоянова
999 ## - СИСТЕМНИ КОНТРОЛНИ НОМЕРА
Koha biblionumber 187837
Koha biblioitemnumber 187837
Наличности
Код за отписване Код за изгубен артикул Код за повреда Коз за рестрикции Код за отдаване Артикулен № Име на библиотеката - собственик Име на библиотеката, в която се намира в момента Статус (Текущо местоположение) Дата на вписване в системата Местоположение - отдел Цена в лева Инвентарен номер Систематично азбучна сигнатура Баркод Номер на екземпляра Цена в евро Служебна бележка Служебен тип на артикула
  Не е изгубен Не е повреден без рестрикции заемане за дома 328477 Регионална библиотека "Любен Каравелов" Русе Регионална библиотека "Любен Каравелов" Русе Заемна - подръчен фонд 2016-11-28 Заемна - подръчен фонд 10.00 120000806083 П 886.7-32/Б 25 120000806083 1 5.11 Дост: DA Вид: А N: 42 Дата: 28.11.2016 Дата инв: 14.02.2018 Бележки инв: П2018 Книги
  Не е изгубен Не е повреден без рестрикции ползва се в читалня 328478 Регионална библиотека "Любен Каравелов" Русе Регионална библиотека "Любен Каравелов" Русе Хранилище 2017-03-18 Хранилище 10.00 120000808980 Цб 283305 120000808980 2 5.11 Дост: Dp Вид: Д N: 6 Дата: 23.01.2017 Книги
Vip Innovations Ltd, Rousse, Bulgaria 2025